Villes de France en images par lettre - O / Q - Statistiques

Statistiques générales
  • Ce quiz a été pris 115 fois
  • Le résultat moyen est 5 sur 12
Statistiques - réponses
Par images Hint Réponse % Correct
O - Centre-Val de Loire Orléans
96%
O - Île-de-France Orly
84%
O - PACA Orange
80%
Q - Bretagne Quimper
80%
Q - Bretagne Quimperlé
35%
Q - Bretagne Quiberon
34%
O - Nouvelle-Aquitaine Oloron-Sainte-Marie
19%
O - Auvergne-Rhône-Alpes Oullins-Pierre-Bénite
14%
O - Auvergne-Rhône-Alpes Oyonnax
14%
O - Centre-Val de Loire Olivet
8%
O - PACA Ollioules
6%
O - Pays-de-la-Loire Orvault
6%
Aucun quiz correspondant
Distribution des résultats
% des personnes avec chaque résultat
Percentile par nombre de réponses
Votre historique - résultats
Vous n’avez pas pris ce quiz